[Event "3. Wittelsbacher Weihnachts-Schach-Open"]
[Site "Kelheim"]
[Date "2014.12.30"]
[Round "7.16"]
[White "Blodig, Constantin"]
[Black "Simon, Jonathan"]
[Result "1/2-1/2"]
[WhiteElo "1972"]
[BlackElo "1941"]
[PlyCount "31"]
[EventDate "2014.??.??"]
[WhiteTeam "SK Kelheim"]
[BlackTeam "SK M?mbris"]

1. e4 c5 2. Nc3 Nc6 3. g3 g6 4. Bg2 Bg7 5. d3 e6 6. Be3 d6 7. Qd2 Nge7 8. Bh6
O-O 9. h4 f6 10. Bxg7 Kxg7 11. Nf3 Nd4 12. Ne2 e5 13. c3 Nxe2 14. Qxe2 Bg4 15.
Qd2 Qd7 16. Ng1 1/2-1/2

[Event "3. Wittelsbacher Weihnachts-Schach-Open"]
[Site "Kelheim"]
[Date "2014.12.30"]
[Round "7.17"]
[White "Schmid, Bernhard"]
[Black "Eder Andreas"]
[Result "0-1"]
[WhiteElo "1797"]
[BlackElo "1959"]
[Annotator "Doe,John"]
[PlyCount "68"]
[EventDate "2014.??.??"]
[WhiteTeam "SC Sinzing"]
[BlackTeam "SK Mostarrichi"]

1. d4 {[%emt 0:00:00]} d5 2. c4 c6 3. Nf3 Nf6 4. Nc3 dxc4 5. a4 Bf5 6. Ne5 Nbd7
7. Nxc4 Qc7 8. f3 e5 9. e4 exd4 10. Ne2 Bb4+ 11. Bd2 Bxd2+ 12. Qxd2 Be6 13.
Nxd4 Bxc4 14. Bxc4 Ne5 15. Qc3 Nxc4 16. Qxc4 O-O 17. O-O Rad8 18. Rfd1 Rd7 19.
Rd3 Rfd8 20. Rad1 Qa5 21. Kf1 h6 22. Nb3 Qe5 23. Rxd7 Rxd7 24. Rxd7 Nxd7 25.
Qd4 Qe6 26. Nc5 Nxc5 27. Qxc5 Qa2 28. Qxa7 Qb1+ 29. Kf2 Qxb2+ 30. Kg3 g5 31.
Qc5 Qd2 32. Qe7 Qe1+ 33. Kg4 Qh4+ 34. Kf5 Qf4# 0-1

[Event "3. Wittelsbacher Weihnachts-Schach-Open"]
[Site "Kelheim"]
[Date "2014.12.30"]
[Round "7.18"]
[White "Popp, Michael"]
[Black "Bumes, Konrad"]
[Result "1-0"]
[WhiteElo "2071"]
[BlackElo "1848"]
[PlyCount "93"]
[EventDate "2014.??.??"]
[WhiteTeam "TV Geiselh?ring"]
[BlackTeam "SC Haar"]

1. d4 d5 2. Nf3 Nf6 3. c4 c6 4. e3 Bf5 5. Nc3 e6 6. Qb3 Qb6 7. c5 Qc7 8. h3
Nbd7 9. Nh4 Bg6 10. Nxg6 hxg6 11. f4 Nh5 12. Bd3 f5 13. Bd2 Ng3 14. Rg1 Nf6 15.
Qc2 Nfe4 16. Bxe4 Nxe4 17. Nxe4 fxe4 18. b4 Be7 19. Rf1 O-O 20. g3 g5 21. Bc3
gxf4 22. gxf4 Bh4+ 23. Kd1 Rf5 24. Qg2 Qf7 25. Kc2 Re8 26. Rg1 Re7 27. Qe2 Qh5
28. Rg4 Kf8 29. Rag1 g5 30. Qg2 Ref7 31. Bd2 Ke7 32. a4 a6 33. b5 axb5 34. axb5
gxf4 35. exf4 Bf6 36. Be3 Rh7 37. bxc6 bxc6 38. Ra1 Kf7 39. Rg8 Qh6 40. Kd2 Bg7
41. Rc8 Qxh3 42. Rg1 Qxg2+ 43. Rxg2 Kf6 44. Rxc6 Rfh5 45. Rc7 Bf8 46. Rc8 Rh2
47. Rxf8+ 1-0

[Event "3. Wittelsbacher Weihnachts-Schach-Open"]
[Site "Kelheim"]
[Date "2014.12.30"]
[Round "7.19"]
[White "M?ller, Johannes"]
[Black "Braun, Michael"]
[Result "1/2-1/2"]
[WhiteElo "1768"]
[BlackElo "2027"]
[Annotator "Doe,John"]
[PlyCount "120"]
[EventDate "2014.??.??"]
[WhiteTeam "SK Kelheim"]
[BlackTeam "SG B?chenbach/Roth"]

1. d4 {[%emt 0:00:00]} Nf6 2. c4 e6 3. Nc3 Bb4 4. Qc2 b6 5. Bg5 h6 6. Bh4 Bb7
7. f3 c5 8. a3 Bxc3+ 9. bxc3 d6 10. d5 e5 11. e3 Nbd7 12. Bd3 O-O 13. Ne2 Qc7
14. O-O Rae8 15. Bf5 Kh8 16. e4 Ng8 17. Qa4 Ndf6 18. Rae1 g5 19. Bf2 Ne7 20. g4
Nxf5 21. gxf5 Rg8 22. Be3 Kh7 23. Kf2 Bc8 24. Rg1 Nh5 25. Ng3 Nxg3 26. hxg3 f6
27. g4 Qb7 28. Rh1 Kg7 29. Rh3 Rh8 30. Reh1 Bd7 31. Qb3 Qa6 32. Bc1 Qa4 33. Qa2
Rh7 34. Ke3 Bc8 35. Kd3 Ba6 36. R3h2 Reh8 37. Rb2 h5 38. Rbh2 h4 39. Rb2 Rb8
40. Qb3 Qe8 41. a4 Kg8 42. Qc2 Bc8 43. Be3 Rhb7 44. Rhb1 Bd7 45. a5 b5 46. cxb5
Bxb5+ 47. c4 Ba4 48. Qd2 Qe7 49. Rxb7 Rxb7 50. Rxb7 Qxb7 51. Bxg5 Qb1+ 52. Ke2
h3 53. Bxf6 Qd1+ 54. Qxd1 Bxd1+ 55. Kf2 h2 56. Kg2 Bxf3+ 57. Kxh2 Kf7 58. Bh4
Bxg4 59. Kg3 Be2 60. Kf2 Bxc4 1/2-1/2

[Event "3. Wittelsbacher Weihnachts-Schach-Open"]
[Site "Kelheim"]
[Date "2014.12.30"]
[Round "7.20"]
[White "Nussbaumer Johann"]
[Black "Schmitz, Bj?rn"]
[Result "1-0"]
[WhiteElo "2041"]
[BlackElo "1851"]
[PlyCount "62"]
[EventDate "2014.??.??"]
[WhiteTeam "ASK St. Valentin"]
[BlackTeam "SV Saal/Donau"]

1. d4 g6 2. c4 Bg7 3. Nc3 d6 4. e4 Nf6 5. h3 O-O 6. Nf3 e5 7. dxe5 dxe5 8. Qxd8
Rxd8 9. Bg5 Na6 10. Nd5 Rd6 11. Nxf6+ Bxf6 12. Bxf6 Rxf6 13. O-O-O Be6 14. b3
Nc5 15. Bd3 Rf4 16. Bc2 f6 17. Rde1 h5 18. Re3 Bg4 19. hxg4 hxg4 20. Ne1 Rxf2
21. Rh4 Rd8 22. Rxg4 Kf7 23. Rh4 Rdd2 24. Rh7+ Ke6 25. Rxc7 Kd6 26. Rh7 Kc6 27.
b4 Ne6 28. Ba4+ Kb6 29. c5+ Ka6 30. Bb3 Nd4 31. Bc4+ b5 1-0

[Event "3. Wittelsbacher Weihnachts-Schach-Open"]
[Site "Kelheim"]
[Date "2014.12.30"]
[Round "7.21"]
[White "Bartonicek, Zdenek"]
[Black "Broszeit, Peter"]
[Result "1/2-1/2"]
[WhiteElo "2072"]
[BlackElo "2012"]
[PlyCount "24"]
[EventDate "2014.??.??"]
[WhiteTeam "TSV Kirchenlaibach"]
[BlackTeam "SV Erkenschwick"]

1. e4 e6 2. d4 d5 3. Nd2 Nf6 4. Bd3 c5 5. c3 Nc6 6. Ngf3 cxd4 7. cxd4 Be7 8.
O-O O-O 9. e5 Nd7 10. Re1 Qb6 11. Nb3 f6 12. Be3 fxe5 1/2-1/2

[Event "3. Wittelsbacher Weihnachts-Schach-Open"]
[Site "Kelheim"]
[Date "2014.12.30"]
[Round "7.23"]
[White "Weigert, Wilhelm"]
[Black "Pfenning, Uwe"]
[Result "1/2-1/2"]
[WhiteElo "2040"]
[BlackElo "1804"]
[PlyCount "103"]
[EventDate "2014.??.??"]
[WhiteTeam "SK Kelheim"]
[BlackTeam "SG Ludwigsburg"]

1. c4 Nf6 2. Nc3 e5 3. Nf3 d6 4. g3 g6 5. d4 exd4 6. Nxd4 Bg7 7. Bg2 O-O 8. O-O
c6 9. b3 Be6 10. e4 d5 11. cxd5 cxd5 12. Bb2 Nxe4 13. Nxe4 dxe4 14. Nxe6 fxe6
15. Bxg7 Kxg7 16. Bxe4 Nc6 17. Bxc6 bxc6 18. Qc2 Qf6 19. Rad1 Rac8 20. Rd7+ Rf7
21. Rfd1 Rc7 22. Rxf7+ Rxf7 23. Rd6 c5 24. Qxc5 Qa1+ 25. Kg2 Qxa2 26. Qd4+ Kh6
27. Rxe6 Qxb3 28. Re4 Qf3+ 29. Kg1 Qf6 30. Qe3+ Kg7 31. h4 h5 32. Qe1 Kg8 33.
Re6 Qf5 34. Ra6 Kh7 35. Ra5 Qf6 36. Re5 Qg7 37. Qe4 Kg8 38. Rg5 Rf6 39. Ra5 Rf7
40. Ra6 Kh7 41. Ra5 Kg8 42. Rg5 Rf6 43. g4 hxg4 44. Qxg4 Kh7 45. h5 Qf7 46. Qh4
Kg7 47. Kf1 Rf4 48. Qg3 Qc4+ 49. Kg1 Qc1+ 50. Kh2 Rxf2+ 51. Qxf2 Qxg5 52. Qxa7+
1/2-1/2

[Event "3. Wittelsbacher Weihnachts-Schach-Open"]
[Site "Kelheim"]
[Date "2014.12.30"]
[Round "7.24"]
[White "Goderbauer, Benedikt"]
[Black "Grasser, Martin"]
[Result "1-0"]
[WhiteElo "1818"]
[BlackElo "1895"]
[PlyCount "205"]
[EventDate "2014.??.??"]
[WhiteTeam "SC Moosburg"]
[BlackTeam "Regensb. Turnerschaft"]

1. d4 d5 2. c4 e6 3. g3 c6 4. Bg2 f5 5. Nf3 Nf6 6. O-O Be7 7. Qc2 O-O 8. Ne5
Nbd7 9. Nd3 Ne4 10. f3 Nd6 11. Nd2 Bf6 12. e3 Kh8 13. c5 Nf7 14. f4 Be7 15. Nf3
Nf6 16. b4 a6 17. a4 Ne4 18. Rb1 Bd7 19. Nfe5 Qc7 20. Bd2 Kg8 21. Nxf7 Kxf7 22.
Ne5+ Kg8 23. Bxe4 fxe4 24. Nxd7 Qxd7 25. b5 axb5 26. axb5 g6 27. Rb3 Ra7 28.
Rfb1 Rfa8 29. Qd1 Kg7 30. Kg2 Bd8 31. Be1 Ra2+ 32. Bf2 R8a7 33. b6 R7a6 34.
R3b2 Rxb2 35. Rxb2 Qf7 36. h3 g5 37. Qg4 h5 38. Qe2 Ra1 39. Ra2 gxf4 40. gxf4
Rxa2 41. Qxa2 Kh6 42. Qa8 Bf6 43. Qc8 h4 44. Kh2 Kh5 45. Qc7 Qe7 46. Qc8 Qf7
47. Qa8 Kh6 48. Qa1 Qh5 49. Qe1 Kg7 50. Qg1+ Kf7 51. Qg4 Qh7 52. Be1 Kf8 53.
Qxe6 Qe7 54. Qf5 Kg7 55. Kg2 Kh6 56. Bf2 Kg7 57. Bg1 Kh6 58. Qg4 Kh7 59. Bh2
Qg7 60. Kf2 Kg8 61. Kf1 Kh7 62. Qc8 Qf7 63. f5 Bg5 64. Be5 Bd8 65. Bf4 Bf6 66.
Qc7 Kg8 67. Qc8+ Kh7 68. Be5 Kh6 69. Ke1 Qg7 70. Bf4+ Kh7 71. Kf1 Qf7 72. Be5
Kh6 73. Qe6 Kg7 74. Bxf6+ Qxf6 75. Qe5 Kf7 76. Qf4 Kg7 77. Qg4+ Kf7 78. Qh5+
Kg7 79. Ke2 Kf8 80. Qh7 Qg7 81. Qxh4 Qg2+ 82. Ke1 Kf7 83. Qh7+ Kf6 84. Qg6+
Qxg6 85. fxg6 Kxg6 86. Kf2 Kh5 87. Kg3 Kg5 88. h4+ Kh5 89. Kh3 Kh6 90. Kg4 Kg6
91. h5+ Kg7 92. Kg5 Kh7 93. h6 Kg8 94. Kg6 Kh8 95. Kf7 Kh7 96. Ke7 Kxh6 97. Kd7
Kg5 98. Kc7 Kg4 99. Kxb7 Kf3 100. Kxc6 Kxe3 101. Kxd5 Kd3 102. b7 e3 103. b8=Q
1-0

[Event "3. Wittelsbacher Weihnachts-Schach-Open"]
[Site "Kelheim"]
[Date "2014.12.30"]
[Round "7.25"]
[White "Stadler, Andreas"]
[Black "Gabler, Eric"]
[Result "1/2-1/2"]
[WhiteElo "1955"]
[BlackElo "1864"]
[PlyCount "62"]
[EventDate "2014.??.??"]
[WhiteTeam "SK M?nchen S?dost"]
[BlackTeam "TV Geiselh?ring"]

1. e4 e6 2. d4 d5 3. Nc3 Bb4 4. e5 c5 5. a3 cxd4 6. axb4 dxc3 7. Qg4 cxb2 8.
Bxb2 g6 9. h4 h5 10. Qf4 Bd7 11. Nf3 Qe7 12. Ng5 b5 13. Bd3 Bc6 14. O-O Nh6 15.
Bd4 Qxb4 16. Rfb1 Qe7 17. Bxb5 Nf5 18. Bc3 Qd7 19. Bd3 O-O 20. Nf3 d4 21. Nxd4
Nxd4 22. Bxd4 Qd5 23. f3 Rd8 24. Be3 Nd7 25. Be4 Qc4 26. Bxc6 Qxc6 27. Qh6 Nxe5
28. Bg5 Nxf3+ 29. gxf3 Qxf3 30. Bxd8 Rxd8 31. Ra4 Qg3+ 1/2-1/2

[Event "3. Wittelsbacher Weihnachts-Schach-Open"]
[Site "Kelheim"]
[Date "2014.12.30"]
[Round "7.26"]
[White "Seifert, Werner"]
[Black "Lohr, Werner"]
[Result "1/2-1/2"]
[WhiteElo "1997"]
[BlackElo "1735"]
[PlyCount "72"]
[EventDate "2014.??.??"]
[WhiteTeam "SV WB Allianz M?nchen"]
[BlackTeam "TSV Mainburg"]

1. e4 d5 2. exd5 Qxd5 3. Nc3 Qa5 4. d4 c6 5. Nf3 Nf6 6. Bc4 Bf5 7. Bd2 e6 8.
Qe2 Qc7 9. O-O-O Nbd7 10. Ne5 Bb4 11. f3 b5 12. Bd3 Bxd3 13. Nxd3 a5 14. Bf4
Bd6 15. Bxd6 Qxd6 16. Ne5 Qc7 17. f4 O-O 18. Rd3 b4 19. Ne4 Nxe4 20. Qxe4 Nxe5
21. fxe5 c5 22. d5 exd5 23. Rxd5 Rad8 24. Rhd1 Qc6 25. Qc4 Rxd5 26. Qxd5 Qh6+
27. Kb1 Qxh2 28. e6 fxe6 29. Qxe6+ Kh8 30. Qe7 Qf4 31. Qxc5 Qf1 32. Qd5 h6 33.
b3 Qf5 34. Kb2 Qf6+ 35. Kb1 Qf5 36. Kb2 Qf6+ 1/2-1/2

[Event "3. Wittelsbacher Weihnachts-Schach-Open"]
[Site "Kelheim"]
[Date "2014.12.30"]
[Round "7.27"]
[White "Altmann, Jens"]
[Black "Aigner, Georg"]
[Result "1/2-1/2"]
[WhiteElo "2004"]
[BlackElo "1845"]
[PlyCount "63"]
[EventDate "2014.??.??"]
[WhiteTeam "SF Leipzig-S?dost"]
[BlackTeam "TSV Dietfurt/Altm."]

1. e4 c5 2. Nc3 Nc6 3. f4 g6 4. Nf3 Bg7 5. Bb5 Nd4 6. O-O Nxb5 7. Nxb5 a6 8.
Nc3 e6 9. d3 Ne7 10. Qe1 d6 11. Bd2 Nc6 12. Kh1 Nd4 13. Rc1 Bd7 14. Nxd4 cxd4
15. Ne2 O-O 16. Qg3 f5 17. c3 dxc3 18. Bxc3 Bxc3 19. Rxc3 Rc8 20. Rxc8 Bxc8 21.
h4 Bd7 22. h5 Qf6 23. e5 dxe5 24. fxe5 Qg7 25. hxg6 Qxg6 26. Qh4 Re8 27. Rf3
Qf7 28. Nf4 Kh8 29. Rg3 Rg8 30. Rxg8+ Kxg8 31. Qd8+ Kg7 32. Qg5+ 1/2-1/2

[Event "3. Wittelsbacher Weihnachts-Schach-Open"]
[Site "Kelheim"]
[Date "2014.12.30"]
[Round "7.28"]
[White "Stadler, Wolfgang"]
[Black "Klausmann, Leonard"]
[Result "1-0"]
[WhiteElo "2059"]
[BlackElo "1504"]
[PlyCount "49"]
[EventDate "2014.??.??"]
[WhiteTeam "SK M?nchen S?dost"]
[BlackTeam "TSV Kareth-Lappersdorf"]

1. e4 b6 2. d4 Bb7 3. Nc3 e6 4. Nf3 Bb4 5. Bd3 Nf6 6. e5 Nd5 7. Bd2 c5 8. a3
cxd4 9. axb4 dxc3 10. bxc3 Qc7 11. c4 Ne7 12. O-O Nbc6 13. Bc3 Ng6 14. Re1 d6
15. exd6 Qxd6 16. Bxg6 Qxd1 17. Bxf7+ Kxf7 18. Raxd1 Rhd8 19. h3 h6 20. b5 Ne7
21. Ne5+ Kg8 22. g4 Rxd1 23. Rxd1 Be4 24. Rd7 Kf8 25. Bb4 1-0

[Event "3. Wittelsbacher Weihnachts-Schach-Open"]
[Site "Kelheim"]
[Date "2014.12.30"]
[Round "7.29"]
[White "Li, Simon"]
[Black "Malzer, Werner"]
[Result "1/2-1/2"]
[WhiteElo "1815"]
[BlackElo "1906"]
[PlyCount "61"]
[EventDate "2014.??.??"]
[WhiteTeam "SK Schweinfurt"]
[BlackTeam "TSV Kirchenlaibach"]

1. e4 c5 2. Nf3 e6 3. d4 cxd4 4. Nxd4 Nc6 5. Nc3 a6 6. Be3 Be7 7. Qd2 Nf6 8. f3
Qc7 9. g4 h6 10. O-O-O d6 11. h4 Bd7 12. Rg1 O-O-O 13. Nb3 Ne5 14. Qf2 Rde8 15.
Bb6 Qb8 16. Rd4 Bc6 17. Na5 Kd7 18. g5 hxg5 19. hxg5 Nd5 20. f4 Ng6 21. f5 Ne5
22. g6 Bf6 23. gxf7 Nxf7 24. fxe6+ Kxe6 25. Qf5+ Ke7 26. Bc4 Nc7 27. Rd3 Nh6
28. Qf4 Ne6 29. Qe3 Bd7 30. Nd5+ Kf8 31. Qf3 1/2-1/2

[Event "3. Wittelsbacher Weihnachts-Schach-Open"]
[Site "Kelheim"]
[Date "2014.12.30"]
[Round "7.30"]
[White "Gl?ck, Ulrich"]
[Black "Bodenschatz, Josef"]
[Result "0-1"]
[WhiteElo "1713"]
[BlackElo "1999"]
[PlyCount "128"]
[EventDate "2014.??.??"]
[WhiteTeam "MSA Zugzwang"]
[BlackTeam "TSV Kirchenlaibach"]

1. d4 c6 2. c4 f5 3. Nc3 g6 4. e4 d6 5. exf5 Bxf5 6. Bd3 Bxd3 7. Qxd3 Nf6 8.
Nf3 Na6 9. a3 Qd7 10. Ne4 Nxe4 11. Qxe4 Qf5 12. Qxf5 gxf5 13. Bf4 Kd7 14. O-O-O
Bg7 15. Rhe1 Nc7 16. Bg5 e6 17. Re2 Rae8 18. c5 Nd5 19. cxd6 Kxd6 20. Ne5 Rhf8
21. Bd2 Bf6 22. f4 Rg8 23. g3 Rg7 24. Rde1 Rge7 25. Kc2 Kc7 26. Ba5+ b6 27. Bd2
a5 28. Kd3 Bxe5 29. Rxe5 Nf6 30. R5e2 Ne4 31. Bc3 Rd7 32. Kc2 Red8 33. b4 Nxc3
34. Kxc3 Rxd4 35. bxa5 Rd3+ 36. Kc2 bxa5 37. Rxe6 Rxa3 38. Re7+ Rd7 39. Rxd7+
Kxd7 40. Re5 Ra2+ 41. Kd3 Rxh2 42. Rxa5 Rh3 43. Rxf5 Rxg3+ 44. Ke4 Rg7 45. Ra5
Kd6 46. Kd4 Rf7 47. Ke4 Rc7 48. Ra6 h5 49. Kf5 h4 50. Kg6 Rc8 51. Kg7 Ke6 52.
Ra4 Kf5 53. Rc4 c5 54. Rc3 c4 55. Kf7 Kxf4 56. Kf6 Rc6+ 57. Kg7 Kg4 58. Kf7 h3
59. Ke7 h2 60. Rc1 c3 61. Kd7 Rc5 62. Kd6 Rc8 63. Ke6 Kg3 64. Kd6 Kg2 0-1

[Event "3. Wittelsbacher Weihnachts-Schach-Open"]
[Site "Kelheim"]
[Date "2014.12.30"]
[Round "7.31"]
[White "Steinmüller, Günther"]
[Black "Link, Robert"]
[Result "1/2-1/2"]
[WhiteElo "2193"]
[BlackElo "1792"]
[PlyCount "35"]
[EventDate "2014.??.??"]
[WhiteTeam "ASK St. Valentin"]
[BlackTeam "SK Klingenberg"]

1. Nf3 d5 2. c4 c6 3. d4 e6 4. Nc3 dxc4 5. a4 Bb4 6. e3 b5 7. Bd2 a5 8. axb5
Bxc3 9. Bxc3 cxb5 10. b3 Bb7 11. bxc4 b4 12. Bb2 Nf6 13. Bd3 O-O 14. Qc2 h6 15.
O-O Nbd7 16. e4 Qc7 17. e5 Ne8 18. Nd2 1/2-1/2

[Event "3. Wittelsbacher Weihnachts-Schach-Open"]
[Site "Kelheim"]
[Date "2014.12.30"]
[Round "7.32"]
[White "Pohl, Steffen"]
[Black "Strohmann, Marcel"]
[Result "1/2-1/2"]
[WhiteElo "1789"]
[BlackElo "1864"]
[PlyCount "57"]
[EventDate "2014.??.??"]
[WhiteTeam "SK Schwanstetten"]
[BlackTeam "SV Erkenschwick"]

1. c4 Nf6 2. Nc3 g6 3. g3 Bg7 4. Bg2 O-O 5. d3 d6 6. Nf3 Nc6 7. O-O e5 8. Bg5
h6 9. Bxf6 Bxf6 10. Nd5 Bg7 11. e3 Ne7 12. Nxe7+ Qxe7 13. d4 Bg4 14. h3 Bxf3
15. Bxf3 exd4 16. exd4 c6 17. Rb1 Rfe8 18. d5 c5 19. Re1 Qd7 20. Rxe8+ Qxe8 21.
b3 Kf8 22. Qe2 Qxe2 23. Bxe2 Re8 24. Re1 Bc3 25. Rc1 Bd2 26. Rd1 Rxe2 27. Kf1
Re1+ 28. Rxe1 Bxe1 29. Kxe1 1/2-1/2

[Event "3. Wittelsbacher Weihnachts-Schach-Open"]
[Site "Kelheim"]
[Date "2014.12.30"]
[Round "7.33"]
[White "Urban, Rudolf"]
[Black "Link, Klaus"]
[Result "1/2-1/2"]
[WhiteElo "1873"]
[BlackElo "1927"]
[PlyCount "175"]
[EventDate "2014.??.??"]
[WhiteTeam "SC Roter Turm Altstadt"]
[BlackTeam "SK Klingenberg"]

1. d4 Nf6 2. Nf3 c5 3. dxc5 e6 4. Bf4 Bxc5 5. e3 O-O 6. Bd6 Qa5+ 7. Nc3 Bxd6 8.
Qxd6 Ne4 9. Qe5 Qxe5 10. Nxe5 Nxc3 11. bxc3 d6 12. Nf3 b6 13. Bd3 Bb7 14. O-O
Nd7 15. a4 Rfc8 16. c4 Bxf3 17. gxf3 Ne5 18. Be4 Rab8 19. a5 Nxc4 20. axb6 axb6
21. Rfd1 d5 22. Bd3 Nb2 23. Rdb1 Nxd3 24. cxd3 Rb7 25. Rb5 Kf8 26. Rab1 Rc6 27.
d4 Ke7 28. f4 Kd6 29. Kg2 Kc7 30. h4 g6 31. R1b2 h5 32. Kf3 Ra7 33. Kg3 Ra1 34.
Kg2 Rac1 35. Kh2 R1c2 36. Rxb6 Rxf2+ 37. Rxf2 Rxb6 38. Rc2+ Kd7 39. Kg2 Rb3 40.
Kf3 Rb1 41. Kg2 Rb7 42. Kf3 Ke7 43. Ra2 Kf6 44. Rg2 Rb1 45. Rh2 Rg1 46. Rh3 Rg4
47. Rh1 Ke7 48. Rh2 Kf8 49. Rh1 Kg7 50. Rh2 Kh6 51. Rh1 Kg7 52. Rh2 Kf8 53. Rh1
Ke8 54. Rh2 Kd7 55. Rh1 Kd6 56. Rh2 Rg1 57. Ra2 Rc1 58. Ra6+ Kd7 59. Ra7+ Rc7
60. Ra2 Kc6 61. Rc2+ Kb6 62. Rb2+ Kc6 63. Rc2+ Kd6 64. Ra2 Ke7 65. Rb2 Kf8 66.
Ra2 f6 67. Ra6 Kf7 68. Rb6 Re7 69. Ra6 Kg7 70. Rd6 Kh6 71. Rd8 g5 72. fxg5+
fxg5 73. hxg5+ Kxg5 74. Rg8+ Kf6 75. Rh8 Kg6 76. Kg3 Rh7 77. Rf8 Rf7 78. Rh8
Rf6 79. Rg8+ Kf5 80. Kf3 h4 81. Rg7 e5 82. dxe5 Kxe5+ 83. Kg4 Rh6 84. Kh3 Ke4
85. Re7+ Kf3 86. Re5 Rh8 87. Rxd5 Kxe3 88. Ra5 1/2-1/2

[Event "3. Wittelsbacher Weihnachts-Schach-Open"]
[Site "Kelheim"]
[Date "2014.12.30"]
[Round "7.34"]
[White "Helf, Stefan"]
[Black "Wltschek, Christian"]
[Result "1/2-1/2"]
[WhiteElo "1667"]
[BlackElo "1951"]
[PlyCount "42"]
[EventDate "2014.??.??"]
[WhiteTeam "SK Abensberg"]
[BlackTeam "TSV Wacker Neutraubling"]

1. e4 c5 2. Nf3 e6 3. d4 cxd4 4. Nxd4 a6 5. c4 Nf6 6. Nc3 Qc7 7. Be3 d6 8. f4
Be7 9. Be2 O-O 10. O-O Nbd7 11. Qc2 Rd8 12. b3 b6 13. Bf3 Bb7 14. Rae1 Rab8 15.
Kh1 g6 16. Bf2 e5 17. Nde2 b5 18. Nd5 Nxd5 19. exd5 f5 20. fxe5 dxe5 21. Ng3 e4
1/2-1/2

[Event "3. Wittelsbacher Weihnachts-Schach-Open"]
[Site "Kelheim"]
[Date "2014.12.30"]
[Round "7.35"]
[White "Fröhlich, Manuel"]
[Black "Lutter, Maximilian"]
[Result "0-1"]
[WhiteElo "1711"]
[BlackElo "1764"]
[PlyCount "108"]
[EventDate "2014.??.??"]
[WhiteTeam "TSV Oberviechtach"]
[BlackTeam "SK Neumarkt"]

1. d4 Nf6 2. c4 c5 3. d5 b5 4. cxb5 a6 5. e3 axb5 6. Bxb5 Ba6 7. Nc3 g6 8. Nge2
Bg7 9. O-O O-O 10. a3 Bxb5 11. Nxb5 d6 12. Rb1 Qa5 13. Nbc3 Nbd7 14. f4 Rfb8
15. Qc2 Nb6 16. e4 Nfd7 17. Kh1 Na4 18. Bd2 Rb7 19. g4 Ndb6 20. b4 Qa6 21. b5
Qa7 22. Bc1 Qa5 23. Rb3 Nd7 24. Bd2 Ndb6 25. Bc1 c4 26. Rb4 Nc5 27. Nb1 Nd3 28.
Rxc4 Nxc1 29. Rxc1 Nxc4 30. Qxc4 Qxb5 31. Qxb5 Rxb5 32. a4 Rc5 33. Nbc3 Bxc3
34. Rxc3 Rxa4 35. Re3 Rc2 36. Kg2 Kg7 37. Kf3 Raa2 38. h3 f6 39. h4 Kf7 40. e5
fxe5 41. fxe5 dxe5 42. Rxe5 Rc4 43. Nf4 Ra3+ 44. Re3 Rxe3+ 45. Kxe3 Ra4 46. g5
Ke8 47. Kf3 Kd7 48. Kg3 Kd6 49. h5 Rxf4 50. hxg6 hxg6 51. Kxf4 Kxd5 52. Kf3 Ke5
53. Kg4 Ke4 54. Kg3 Kf5 0-1

[Event "3. Wittelsbacher Weihnachts-Schach-Open"]
[Site "Kelheim"]
[Date "2014.12.30"]
[Round "7.36"]
[White "Wei?, Thomas"]
[Black "Blank, Stefan"]
[Result "1-0"]
[WhiteElo "1763"]
[BlackElo "1827"]
[PlyCount "109"]
[EventDate "2014.??.??"]
[WhiteTeam "SV Deggendorf"]
[BlackTeam "SC Sulzbach"]

1. e4 e5 2. Bc4 d6 3. Nf3 Be7 4. d4 Nd7 5. h3 c6 6. O-O Ngf6 7. Nc3 b5 8. Bd3
O-O 9. Ne2 Bb7 10. Ng3 Re8 11. Nf5 Bf8 12. Re1 a6 13. c3 exd4 14. cxd4 c5 15.
d5 c4 16. Bc2 Nc5 17. Qd4 Bc8 18. N3h4 Nfd7 19. Re3 Qf6 20. Qd1 Ne5 21. Rg3 Qd8
22. Qd4 Ng6 23. Bd2 Nd7 24. Bc3 Qb6 25. Nh6+ Kh8 26. Nxf7+ Kg8 27. Nh6+ Kh8 28.
Nxg6+ hxg6 29. Qxb6 Nxb6 30. Rxg6 Nd7 31. Nf7+ Kh7 32. e5 dxe5 33. Re6+ Kg8 34.
Rxe8 Kxf7 35. Re6 Bb7 36. Bg6+ Kg8 37. Rd1 Bc5 38. Bxe5 Nxe5 39. Rxe5 Rf8 40.
Re8 Bxf2+ 41. Kh2 Rxe8 42. Bxe8 Bh4 43. Bc6 Bc8 44. d6 Bf5 45. d7 Bd3 46. g3
Bf6 47. Re1 b4 48. Bd5+ Kh7 49. Re8 c3 50. bxc3 bxc3 51. d8=Q Bxd8 52. Rxd8 Bf5
53. Rd6 a5 54. Rc6 c2 55. Bb3 1-0

[Event "3. Wittelsbacher Weihnachts-Schach-Open"]
[Site "Kelheim"]
[Date "2014.12.30"]
[Round "7.37"]
[White "Hinterreiter, Lorenz"]
[Black "Jaschke, Dieter"]
[Result "1/2-1/2"]
[WhiteElo "1816"]
[BlackElo "1921"]
[PlyCount "101"]
[EventDate "2014.??.??"]
[WhiteTeam "SK Abensberg"]
[BlackTeam "TSV Kirchenlaibach"]

1. e4 c6 2. d4 d5 3. Nc3 dxe4 4. Nxe4 Nd7 5. Nf3 Ngf6 6. Ng3 e6 7. Bc4 Bd6 8.
O-O O-O 9. Re1 Bxg3 10. hxg3 Re8 11. Bf4 Nb6 12. Bd3 Nbd5 13. Bg5 h6 14. Bd2
Qb6 15. b3 Bd7 16. c4 Ne7 17. Bc3 Nh7 18. Re5 Qc7 19. Rh5 Nf6 20. Rh3 Nh7 21.
Bd2 e5 22. Rh4 exd4 23. Rxd4 Bf5 24. Bf4 Qc8 25. Qc2 Bxd3 26. Qxd3 Rd8 27. Rd1
Rxd4 28. Qxd4 b6 29. Qd7 Qxd7 30. Rxd7 Ng6 31. Nd4 Nf6 32. Rd6 Re8 33. Be3 c5
34. Nc2 Re7 35. f3 Ne5 36. Bxh6 Nh5 37. Bf4 Nxf4 38. gxf4 Ng6 39. f5 Nh4 40.
Rd8+ Kh7 41. Kf2 Nxf5 42. g4 Nh4 43. Ne3 Ng6 44. Nd5 Rb7 45. Ke3 Ne7 46. Ke4
Nc6 47. Rc8 Nd4 48. f4 Ne2 49. Re8 Nc1 50. Nc3 Rd7 51. Kf3 1/2-1/2

[Event "3. Wittelsbacher Weihnachts-Schach-Open"]
[Site "Kelheim"]
[Date "2014.12.30"]
[Round "7.38"]
[White "Vilsmeier, Christian"]
[Black "Braun, Kristin"]
[Result "1-0"]
[WhiteElo "1989"]
[BlackElo "1765"]
[PlyCount "103"]
[EventDate "2014.??.??"]
[WhiteTeam "DJK-Regensburg Nord"]
[BlackTeam "SC Forchheim"]

1. e4 d6 2. d4 Nf6 3. f3 g6 4. Be3 Bg7 5. c4 O-O 6. Nc3 e5 7. d5 Nh5 8. Qd2 f5
9. O-O-O f4 10. Bf2 a5 11. g4 fxg3 12. hxg3 Na6 13. Bh3 Nc5 14. Kb1 Bd7 15.
Bxd7 Qxd7 16. Rh2 Rf7 17. Rg2 Kh8 18. Bxc5 dxc5 19. d6 Qxd6 20. Qxd6 cxd6 21.
Rxd6 Rc8 22. Rb6 Rd7 23. Nd5 Rb8 24. Kc2 Kg8 25. Ne2 Kf7 26. f4 Nf6 27. fxe5
Nxd5 28. e6+ Ke7 29. exd5 Rd6 30. Rxd6 Kxd6 31. Rf2 Rf8 32. Rxf8 Bxf8 33. Kd3
Be7 34. Ke4 Bf6 35. Nc3 Ke7 36. Na4 Kd6 37. g4 h6 38. b3 h5 39. gxh5 gxh5 40.
Kf5 Be7 41. Nc3 Kc7 42. a4 h4 43. Kg4 Kd6 44. Ne2 Ke5 45. Nf4 Kf6 46. Kxh4 Kf5+
47. Kg3 Bd6 48. Kf3 Ke5 49. Kg4 Kf6 50. Nh5+ Kg6 51. Ng3 Kg7 52. Nf5+ 1-0

[Event "3. Wittelsbacher Weihnachts-Schach-Open"]
[Site "Kelheim"]
[Date "2014.12.30"]
[Round "7.39"]
[White "Heiler, Karl"]
[Black "Klimpel, Siegfried"]
[Result "1/2-1/2"]
[WhiteElo "1876"]
[BlackElo "1836"]
[PlyCount "65"]
[EventDate "2014.??.??"]
[WhiteTeam "TG Biberach"]
[BlackTeam "TSV Kareth-Lappersdorf"]

1. e4 d6 2. d4 Nf6 3. Nc3 g6 4. Be3 Bg7 5. Qd2 O-O 6. Be2 Na6 7. Nf3 c5 8. Bxa6
bxa6 9. dxc5 Rb8 10. Rb1 Ng4 11. O-O Nxe3 12. Qxe3 Bg4 13. cxd6 Qxd6 14. h3
Bxf3 15. Qxf3 Be5 16. Rfd1 Qb6 17. Nd5 Qb7 18. b3 a5 19. c4 a4 20. b4 Rfd8 21.
a3 e6 22. Ne3 Rd4 23. Rxd4 Bxd4 24. Rd1 Rd8 25. Qf4 Qc8 26. e5 Bb2 27. Rxd8+
Qxd8 28. Ng4 Qd1+ 29. Kh2 Bc1 30. Nf6+ Kg7 31. Qe4 Qd2 32. Qf3 Qf4+ 33. Qxf4
1/2-1/2

[Event "3. Wittelsbacher Weihnachts-Schach-Open"]
[Site "Kelheim"]
[Date "2014.12.30"]
[Round "7.41"]
[White "N?ckler, Alexander"]
[Black "Meyer, Nico"]
[Result "1-0"]
[WhiteElo "1947"]
[BlackElo "1386"]
[PlyCount "51"]
[EventDate "2014.??.??"]
[WhiteTeam "SK Weiden"]
[BlackTeam "SC Bechhofen"]

1. c4 e5 2. Nc3 Nc6 3. g3 d6 4. Bg2 Nge7 5. d3 g6 6. e3 Bg7 7. Nge2 Be6 8. O-O
Rb8 9. h3 Qd7 10. Kh2 h5 11. a3 f5 12. f3 g5 13. b3 Ng6 14. d4 exd4 15. exd4
Bf7 16. Bxg5 h4 17. g4 f4 18. Qd2 O-O 19. Rad1 Na5 20. Qc2 Nc6 21. Ne4 Rbe8 22.
d5 Nce5 23. Nd4 c6 24. dxc6 bxc6 25. Nf5 Bf6 26. Bh6 1-0